Państwa graniczące z Francją - Statystyki

Ogólne statystyki
  • Ten quiz został rozwiązany 25 razy
    24 od ostatniego zresetowania
  • Średni wynik to 9 z 11
Statystyki odpowiedzi
Odpowiedź % Poprawnych
Hiszpania
100%
Niemcy
100%
Belgia
95%
Luksemburg
95%
Włochy
95%
Andora
90%
Holandia
90%
Szwajcaria
90%
Monako
80%
Brazylia
60%
Surinam
50%
Nie znaleziono quizów pasujących do podanych kryteriów
Rozkład punktacji
Procent ludzi z każdym wynikiem
Percentyl według liczby udzielonych odpowiedzi
Twoja historia wyników
Nie rozwiązałeś tego quizu od ostatniego zresetowania